Определение размеров и ориентирование летных полос: учебное пособие

Bibliographic Details
Main Author: Спасский Ф. Я. Феодосий Яковлевич
Other Authors: Кияшко В. А. Виталий Александрович
Language:Russian
Published: Ленинград, 1973
Subjects:
Format: Book
KOHA link:https://koha.lib.tpu.ru/cgi-bin/koha/opac-detail.pl?biblionumber=82245

MARC

LEADER 00000nam0a2200000 4500
001 82245
005 20231031095615.0
035 |a (RuTPU)RU\TPU\book\88391 
090 |a 82245 
100 |a 20050929d1973 m y0rusy50 ca 
101 0 |a rus 
102 |a RU 
105 |a a j 001zy 
200 1 |a Определение размеров и ориентирование летных полос  |e учебное пособие  |f Ф. Я. Спасский, В. А. Кияшко 
210 |a Ленинград  |d 1973 
215 |a 74 с.  |c черт. 
320 |a Библиогр.: с. 71 
610 1 |a аэродромы 
610 1 |a взлетно-посадочные полосы 
610 1 |a ширина 
610 1 |a длина 
675 |a 625.712(075.8)  |v 3 
700 1 |a Спасский  |b Ф. Я.  |g Феодосий Яковлевич 
701 1 |a Кияшко  |b В. А.  |g Виталий Александрович 
801 1 |a RU  |b 63413507  |c 20050929  |g PSBO 
801 2 |a RU  |b 63413507  |c 20061012  |g PSBO 
942 |c BK